WWE Royal Rumble Winners - Statistics

General Stats
  • This quiz has been taken 947 times
  • The average score is 17 of 27
Answer Stats
Year Wrestler % Correct
2008 John Cena
85%
2013 John Cena
85%
2002 Triple H
76%
2005 Batista
75%
2014 Batista
75%
2000 The Rock
75%
2009 Randy Orton
73%
1995 Shawn Michaels
73%
1996 Shawn Michaels
73%
1997 Stone Cold Steve Austin
73%
1998 Stone Cold Steve Austin
73%
2001 Stone Cold Steve Austin
73%
1990 Hulk Hogan
70%
1991 Hulk Hogan
70%
2006 Rey Mysterio
65%
2010 Edge
64%
2012 Sheamus
60%
1994 Bret Hart/Lex Luger
59%
2011 Alberto Del Rio
57%
1992 Ric Flair
55%
2007 The Undertaker
55%
2004 Chris Benoit
52%
1993 Yokozuna
45%
1988 Hacksaw Jim Duggan
41%
1989 Big John Studd
38%
1999 Mr McMahon
33%
2003 Brock Lesner
15%
No matching quizzes found
Score Distribution
Percent of People with Each Score
Percentile by Number Answered
Your Score History
You have not taken this quiz